AFL 2024 Ladder - Statistics

General Stats
  • This quiz has been taken 359 times
  • The average score is 16 of 18
Answer Stats
Pos Team (Nicknames included) % Correct
1 Sydney
100%
2 Port Adelaide
96%
5 Brisbane
95%
8 Carlton
95%
4 GWS
95%
9 Collingwood
94%
7 Hawthorn
94%
3 Geelong
93%
6 Western Bulldogs
93%
10 Fremantle
91%
17 North Melbourne
89%
18 Richmond
89%
16 West Coast
89%
11 Essendon
88%
13 Gold Coast
88%
12 St Kilda
88%
15 Adelaide
87%
14 Melbourne
86%
No matching quizzes found
Score Distribution
Percent of People with Each Score
Percentile by Number Answered
Your Score History
You have not taken this quiz